[Event "CHI-ch"]
[Site "Santiago"]
[Date "2024.02.20"]
[Round "2"]
[White "Perez Rojas, Jorge"]
[Black "Lopez Silva, Hugo Andres"]
[Result "1/2-1/2"]
[WhiteElo "2023"]
[BlackElo "2396"]
[PlyCount "38"]
[EventDate "2024.02.19"]
[EventType "swiss"]
[EventRounds "11"]
[EventCountry "CHI"]
[SourceTitle "CB09_2024"]
[SourceDate "2024.02.28"]
[SourceVersion "1"]
[SourceVersionDate "2024.02.28"]
[SourceQuality "1"]

1. e4 e5 2. Nc3 Nf6 3. Bc4 Nc6 4. d3 Na5 5. Nge2 Bc5 6. h3 d6 7. a4 Nxc4 8. dxc4 Be6 9. b3 a5 10. Qd3 Nd7 11. Qg3 0-0 12. Be3 f5 13. f4 exf4 14. Nxf4 Qf6 15. Bxc5 Nxc5 16. 0-0 fxe4 17. Nb5 Qe7 18. Rae1 Rf6 19. Nc3 Raf8 1/2-1/2

[Event "Titled Tuesday intern op 26th Sep Early"]
[Site "Chess.com INT"]
[Date "2023.09.26"]
[Round "5"]
[White "Lopez Silva, Hugo Andres"]
[Black "Astafurov, Arseniy"]
[Result "1-0"]
[WhiteElo "2413"]
[BlackElo "2263"]
[PlyCount "45"]
[EventDate "2023.09.26"]
[EventType "swiss (blitz)"]
[EventRounds "11"]
[EventCountry "USA"]
[SourceTitle "EXT 2024"]
[Source "ChessBase"]
[SourceDate "2023.10.10"]
[SourceVersion "1"]
[SourceVersionDate "2023.10.10"]
[SourceQuality "1"]

1. e4 e6 2. d4 d5 3. Nc3 Nf6 4. Bg5 dxe4 5. Nxe4 Be7 6. Bxf6 Bxf6 7. Nf3 0-0 8. Bc4 Nc6 9. c3 b6 10. Qe2 Bb7 11. 0-0-0 Re8 12. h4 Be7 13. h5 Bf8 14. Kb1 a6 15. g4 b5 16. Bb3 Na5 17. Bc2 Bxe4 18. Qxe4 g6 19. hxg6 hxg6 20. Ne5 Bg7 21. Qf4 Qf6 22. Qh2 Nc4 23. Nd7 1-0

[Event "Arica op 8th"]
[Site "Arica"]
[Date "2022.12.21"]
[Round "9"]
[White "Lopez Silva, Hugo Andres"]
[Black "Cuevas Araya, Walter"]
[Result "1-0"]
[WhiteElo "2413"]
[BlackElo "2066"]
[PlyCount "69"]
[EventDate "2022.12.16"]
[EventType "swiss"]
[EventRounds "10"]
[EventCountry "CHI"]
[SourceTitle "CBM 212 Extra"]
[Source "ChessBase"]
[SourceDate "2023.03.31"]
[SourceVersion "1"]
[SourceVersionDate "2023.03.31"]
[SourceQuality "1"]

1. e4 e5 2. Nf3 Nf6 3. Nxe5 d6 4. Nf3 Nxe4 5. Nc3 Nxc3 6. dxc3 Be7 7. Be3 Nc6 8. Qd2 Be6 9. 0-0-0 Qd7 10. b3 h6 11. h3 Bf6 12. g4 0-0-0 13. Bg2 Kb8 14. Rhe1 Rde8 15. Ng1 g5 16. Ne2 Be5 17. Ng3 Bxg3 18. fxg3 f5 19. gxf5 Bxf5 20. g4 Bg6 21. Kb2 Rh7 22. Bg1 Rhe7 23. Qf2 Be4 24. Rxe4 Rxe4 25. Bxe4 Rxe4 26. Qf8+ Qe8 27. Qxh6 Qe7 28. Rd5 b6 29. Qxg5 Re1 30. Bf2 Re2 31. Qf5 a5 32. a4 Qg7 33. Qf3 Re6 34. Rf5 Ne5 35. Rf8+ 1-0

[Event "Olympiad-44"]
[Site "Chennai"]
[Date "2022.08.05"]
[Round "7.3"]
[White "Reimanis, Ritvars"]
[Black "Lopez Silva, Hugo Andres"]
[Result "0-1"]
[WhiteElo "2377"]
[BlackElo "2403"]
[PlyCount "98"]
[EventDate "2022.07.29"]
[EventType "team-swiss"]
[EventRounds "11"]
[EventCountry "IND"]
[SourceTitle "CBM 210"]
[Source "ChessBase"]
[SourceDate "2022.10.31"]
[SourceVersion "1"]
[SourceVersionDate "2022.10.31"]
[SourceQuality "1"]
[WhiteTeam "Latvia"]
[BlackTeam "Chile"]
[WhiteTeamCountry "LAT"]
[BlackTeamCountry "CHI"]

1. d4 Nf6 2. Nf3 g6 3. c4 c5 4. d5 d6 5. Nc3 Bg7 6. e4 0-0 7. Be2 e6 8. 0-0 exd5 9. exd5 Bg4 10. h3 Bxf3 11. Bxf3 Nbd7 12. Bg5 a6 13. a4 Re8 14. Qd2 Qb6 15. a5 Qc7 16. Ra3 Re7 17. Re1 Ne5 18. Be2 Rae8 19. Rb1 Ned7 20. Bd3 Ne5 21. Bf1 Ned7 22. Bd3 Ne5 23. Bf1 Ned7 24. f3 Re5 25. Bf4 R5e7 26. g4 Ne5 27. Kg2 h5 28. Bg5 hxg4 29. hxg4 Rd7 30. Re1 Nh7 31. f4 Nxg5 32. fxe5 Qd8 33. exd6 Rxe1 34. Qxe1 Rxd6 35. Ne4 Nxe4 36. Qxe4 Bxb2 37. Re3 Qg5 38. Rh3 Kg7 39. Be2 Bd4 40. Rf3 Rd8 41. Rh3 Kf8 42. Qf3 Re8 43. Rh7 Bg7 44. Rh3 Qd2 45. Kf1 Bd4 46. Qd3 Qxa5 47. Rf3 Kg7 48. Bd1 Qe1+ 49. Kg2 Qg1+ 0-1

[Event "Olympiad-44"]
[Site "Chennai"]
[Date "2022.07.31"]
[Round "3.3"]
[White "Lopez Silva, Hugo Andres"]
[Black "Cornette, Matthieu"]
[Result "0-1"]
[WhiteElo "2403"]
[BlackElo "2551"]
[PlyCount "54"]
[EventDate "2022.07.29"]
[EventType "team-swiss"]
[EventRounds "11"]
[EventCountry "IND"]
[SourceTitle "CBM 210"]
[Source "ChessBase"]
[SourceDate "2022.10.31"]
[SourceVersion "1"]
[SourceVersionDate "2022.10.31"]
[SourceQuality "1"]
[WhiteTeam "Chile"]
[BlackTeam "France"]
[WhiteTeamCountry "CHI"]
[BlackTeamCountry "FRA"]

1. e4 e6 2. d4 d5 3. Nc3 Nf6 4. Bg5 dxe4 5. Nxe4 Be7 6. Bxf6 gxf6 7. Nf3 f5 8. Nc3 a6 9. g3 b5 10. Bg2 Bb7 11. Qe2 c5 12. d5 b4 13. dxe6 bxc3 14. exf7+ Kf8 15. Rd1 Qb6 16. 0-0 cxb2 17. Ng5 Bxg2 18. Ne6+ Kxf7 19. Qh5+ Kxe6 20. Rfe1+ Be4 21. g4 Bg5 22. h4 Ke7 23. gxf5 Be3 24. Rxe3 Nd7 25. Rxe4+ Kd8 26. Qf7 Ra7 27. Re6 b1Q 0-1

[Event "CHI-ch"]
[Site "Las Condes"]
[Date "2022.02.19"]
[Round "2"]
[White "Palma Neira, Eliseo Maximiliano"]
[Black "Lopez Silva, Hugo Andres"]
[Result "0-1"]
[WhiteElo "2029"]
[BlackElo "2407"]
[PlyCount "102"]
[EventDate "2022.02.18"]
[EventType "tourn"]
[EventRounds "11"]
[EventCountry "CHI"]
[SourceTitle "CBM 207 Extra"]
[Source "ChessBase"]
[SourceDate "2022.05.31"]
[SourceVersion "1"]
[SourceVersionDate "2022.05.31"]
[SourceQuality "1"]

1. d4 Nf6 2. c4 c5 3. d5 e6 4. Nc3 exd5 5. cxd5 d6 6. e4 g6 7. h3 Bg7 8. Nf3 0-0 9. Bd3 Nh5 10. 0-0 Nd7 11. Bg5 Bf6 12. Bh6 Bg7 13. Bg5 Bf6 14. Bh6 Re8 15. Re1 Ne5 16. Be2 Nxf3+ 17. Bxf3 Ng7 18. Bf4 a6 19. a4 Rb8 20. Qd3 Bd4 21. Be3 Be5 22. Be2 f5 23. Qd2 Qf6 24. Bg5 Qf7 25. exf5 Nxf5 26. Bc4 Bd7 27. a5 Nd4 28. f4 Bg7 29. Ne4 Qf8 30. Nf2 h6 31. Bh4 Nf5 32. g3 Bd4 33. Re6 Nxh4 34. gxh4 Bxe6 35. dxe6 Qf5 36. Re1 d5 37. Bf1 Rxe6 38. Rxe6 Qxe6 39. Kh2 Qe3 40. Qxe3 Bxe3 41. Nd3 c4 42. Nb4 Bxf4+ 43. Kg2 Rd8 44. Nxd5 Be5 45. Bxc4 Bxb2 46. Kf3 Kg7 47. Nf4 Rd6 48. h5 gxh5 49. Bd5 Be5 50. Nxh5+ Kg6 51. Ke4 Bh2 0-1

[Event "CHI-ch sf"]
[Site "Quilpue"]
[Date "2022.02.05"]
[Round "3"]
[White "Escudero Donoso, Felipe"]
[Black "Lopez Silva, Hugo Andres"]
[Result "0-1"]
[WhiteElo "2119"]
[BlackElo "2407"]
[PlyCount "58"]
[EventDate "2022.02.04"]
[EventType "swiss"]
[EventRounds "8"]
[EventCountry "CHI"]
[SourceTitle "CBM 206 Extra"]
[Source "ChessBase"]
[SourceDate "2022.03.31"]
[SourceVersion "1"]
[SourceVersionDate "2022.03.31"]
[SourceQuality "1"]

1. d4 Nf6 2. c4 g6 3. Nc3 Bg7 4. e4 d6 5. Be2 0-0 6. Nf3 c5 7. d5 Re8 8. 0-0 e6 9. Nd2 exd5 10. cxd5 Nbd7 11. Re1 a6 12. a4 Ne5 13. Qc2 Nfg4 14. h3 Nxf2 15. Kxf2 Qh4+ 16. Kf1 Bxh3 17. gxh3 Qxh3+ 18. Kf2 Qh2+ 19. Kf1 Bf6 20. Bd3 Bh4 21. Nf3 Qh1+ 22. Ng1 Bxe1 23. Bf4 Bxc3 24. bxc3 Nxd3 25. Qxd3 Rxe4 26. Bxd6 Rg4 27. Bxc5 Qg2+ 28. Ke1 Re8+ 29. Kd1 Rf4 0-1

[Event "Arica op 7th"]
[Site "Arica"]
[Date "2021.12.16"]
[Round "7"]
[White "Salinas Herrera, Pablo Patricio"]
[Black "Lopez Silva, Hugo Andres"]
[Result "1-0"]
[WhiteElo "2513"]
[BlackElo "2408"]
[PlyCount "85"]
[EventDate "2021.12.12"]
[EventType "swiss"]
[EventRounds "10"]
[EventCountry "CHI"]
[SourceTitle "CBM 205 Extra"]
[Source "ChessBase"]
[SourceDate "2022.01.31"]
[SourceVersion "1"]
[SourceVersionDate "2022.01.31"]
[SourceQuality "1"]

1. e4 e5 2. Nf3 Nc6 3. Bb5 a6 4. Ba4 Nge7 5. c3 g6 6. d4 exd4 7. cxd4 b5 8. Bc2 d5 9. e5 Bg7 10. h3 0-0 11. 0-0 f6 12. Re1 fxe5 13. dxe5 Nb4 14. Nbd2 c5 15. Bb1 Nbc6 16. a4 Rb8 17. axb5 axb5 18. Nb3 Qb6 19. Bg5 Be6 20. Qc1 Rxf3 21. Nxc5 Rf7 22. Ra6 Qc7 23. Nxe6 Qc8 24. Nc5 Bxe5 25. Bxe7 Rxe7 26. Qg5 Bf6 27. Qxd5+ Kg7 28. Rxe7+ Nxe7 29. Qd6 Ng8 30. b4 Qe8 31. Be4 Kh8 32. Qf4 Bc3 33. Qe3 Bf6 34. g3 Rd8 35. Re6 Qf7 36. Bc6 Rd1+ 37. Kg2 Bd4 38. Qe2 Rb1 39. Qd2 Rxb4 40. Re4 Qc4 41. Qg5 Qxc5 42. Bd5 Bf6 43. Re8 1-0

[Event "CHI-ch"]
[Site "Santiago de Chile"]
[Date "2019.02.25"]
[Round "8"]
[White "Gasic Merino, Franco Ignacio"]
[Black "Lopez Silva, Hugo Andres"]
[Result "0-1"]
[WhiteElo "2189"]
[BlackElo "2413"]
[PlyCount "106"]
[EventDate "2019.02.20"]
[EventType "tourn"]
[EventRounds "11"]
[EventCountry "CHI"]
[SourceTitle "CBM 189 Extra"]
[Source "ChessBase"]
[SourceDate "2019.06.03"]
[SourceVersion "1"]
[SourceVersionDate "2019.06.03"]
[SourceQuality "1"]

1. d4 Nf6 2. g3 g6 3. Bg2 d5 4. c4 c6 5. Nd2 Bg7 6. Ngf3 0-0 7. 0-0 a5 8. b3 a4 9. b4 Ne4 10. e3 Bg4 11. Qc2 Bf5 12. Nxe4 Bxe4 13. Qe2 Nd7 14. Ba3 dxc4 15. Qxc4 e5 16. Rad1 exd4 17. Nxd4 Ne5 18. Qe2 Bxg2 19. Kxg2 Qd5+ 20. e4 Qc4 21. f4 Qxe2+ 22. Nxe2 Nc4 23. Bc1 Rfd8 24. e5 f6 25. e6 f5 26. e7 Re8 27. Rd7 b5 28. Re1 Kf7 29. g4 fxg4 30. f5 Rxe7 31. Rxe7+ Kxe7 32. fxg6 hxg6 33. Nd4+ Kd7 34. Ne6 Bf8 35. Nxf8+ Rxf8 36. Re4 Rf3 37. Rxg4 Rc3 38. Bh6 Rc2+ 39. Kg3 Rxa2 40. Rxg6 Rb2 41. Bg7 a3 42. h4 a2 43. Bxb2 Nxb2 44. Kg4 a1Q 45. h5 Nd3 46. Kg5 Qc1+ 47. Kf6 Qf4+ 48. Kg7 Ne5 49. Rh6 Qg5+ 50. Kh7 Ke7 51. Kh8 Nf7+ 52. Kh7 Qxh6+ 53. Kg8 Qh8# 0-1

[Event "CHI-ch"]
[Site "Santiago de Chile"]
[Date "2019.02.24"]
[Round "7"]
[White "Abarca Gonzalez, Nicolas"]
[Black "Lopez Silva, Hugo Andres"]
[Result "1/2-1/2"]
[WhiteElo "2418"]
[BlackElo "2413"]
[PlyCount "176"]
[EventDate "2019.02.20"]
[EventType "tourn"]
[EventRounds "11"]
[EventCountry "CHI"]
[SourceTitle "CBM 189 Extra"]
[Source "ChessBase"]
[SourceDate "2019.06.03"]
[SourceVersion "1"]
[SourceVersionDate "2019.06.03"]
[SourceQuality "1"]

1. Nf3 Nf6 2. g3 g6 3. b3 Bg7 4. Bb2 c5 5. c4 d6 6. Bg2 e5 7. 0-0 0-0 8. Nc3 Nc6 9. Ne1 Be6 10. Nc2 d5 11. Ba3 b6 12. e3 Re8 13. d4 exd4 14. exd4 Nxd4 15. Nxd4 cxd4 16. Nb5 Qd7 17. Nxd4 Bh3 18. Rc1 Bxg2 19. Kxg2 dxc4 20. bxc4 Rad8 21. Nb5 Qb7+ 22. Qf3 Qxf3+ 23. Kxf3 Rd3+ 24. Kg2 a6 25. Nc3 Ng4 26. Nb1 Bd4 27. h3 Ne5 28. c5 bxc5 29. Bxc5 Bxc5 30. Rxc5 Nf3 31. Rc3 Red8 32. Rxd3 Rxd3 33. Rc1 Ng5 34. Rc6 Rd1 35. Nc3 Rc1 36. Nd5 Rd1 37. Nf6+ Kg7 38. Rxa6 Rd2 39. h4 Ne6 40. Ne4 Re2 41. Ng5 Nxg5 42. hxg5 h6 43. gxh6+ Kxh6 44. Kf3 Rb2 45. Ra8 Kg5 46. a4 Rb3+ 47. Kg2 Ra3 48. a5 Kg4 49. a6 Kg5 50. Kh3 Ra2 51. Kg2 Ra3 52. Ra7 Kf6 53. Kh3 Kg5 54. Rxf7 Rxa6 55. f4+ Kh6 56. Kh4 Ra4 57. Kg4 Rb4 58. Re7 Rb6 59. Kh4 Rb4 60. Kh3 Ra4 61. Rf7 Ra3 62. Rb7 Rc3 63. Kh4 Rc4 64. Rd7 Ra4 65. Rd6 Rb4 66. Re6 Ra4 67. Kh3 Kg7 68. Kg4 Kh6 69. Kf3 Ra3+ 70. Re3 Ra4 71. g4 Kg7 72. Rb3 Ra7 73. Kg3 Rf7 74. Rb6 Rf8 75. Kh4 Rxf4 76. Kg5 Rf7 77. Rxg6+ Kh7 78. Rh6+ Kg7 79. Rc6 Ra7 80. Kh5 Ra5+ 81. g5 Ra7 82. Rg6+ Kh7 83. Re6 Kg7 84. Kg4 Ra4+ 85. Kf5 Ra5+ 86. Re5 Rxe5+ 87. Kxe5 Kg6 88. Kd4 Kxg5 1/2-1/2

[Event "CHI-ch"]
[Site "Santiago de Chile"]
[Date "2019.02.22"]
[Round "4"]
[White "Lopez Silva, Hugo Andres"]
[Black "Tapia Fuentes, Jaime"]
[Result "1-0"]
[WhiteElo "2413"]
[BlackElo "2259"]
[PlyCount "101"]
[EventDate "2019.02.20"]
[EventType "tourn"]
[EventRounds "11"]
[EventCountry "CHI"]
[SourceTitle "CBM 189 Extra"]
[Source "ChessBase"]
[SourceDate "2019.06.03"]
[SourceVersion "1"]
[SourceVersionDate "2019.06.03"]
[SourceQuality "1"]

1. e4 c5 2. Nf3 Nc6 3. d4 cxd4 4. Nxd4 Qb6 5. Nb3 Nf6 6. Nc3 e6 7. a3 a6 8. Bf4 Be7 9. e5 Ng8 10. Ne4 f5 11. Nd6+ Bxd6 12. Qxd6 Nge7 13. Bg5 Qd8 14. Be2 0-0 15. 0-0-0 h6 16. Bxe7 Nxe7 17. Nc5 Nd5 18. Bf3 Nc7 19. Nxd7 Bxd7 20. Qxd7 Qg5+ 21. Qd2 f4 22. Qd6 Rf7 23. h4 Qf5 24. Rhe1 Nb5 25. Qd3 Qxd3 26. Rxd3 Rc8 27. h5 a5 28. a4 Na7 29. Rd6 Re7 30. Bg4 Kf7 31. Re4 Rc5 32. Rxf4+ Ke8 33. Re4 Nc6 34. Rxe6 Rxe6 35. Bxe6 Nxe5 36. f4 Nd3+ 37. Kd2 Nxb2 38. g4 Kd8 39. Bb3 b5 40. axb5 a4 41. Bxa4 Nc4+ 42. Ke2 Nb6 43. Kd3 Rd5+ 44. Kc3 Rc5+ 45. Kb4 Nxa4 46. Kxa4 Rxc2 47. b6 Kc8 48. Kb5 Rb2+ 49. Kc6 Rc2+ 50. Kd6 Rd2+ 51. Ke6 1-0

[Event "CHI-ch sf"]
[Site "Quilpue"]
[Date "2019.01.17"]
[Round "2"]
[White "Martinez, Mauricio"]
[Black "Lopez Silva, Hugo Andres"]
[Result "0-1"]
[WhiteElo "2104"]
[BlackElo "2399"]
[PlyCount "78"]
[EventDate "2019.01.17"]
[EventType "swiss"]
[EventRounds "8"]
[EventCountry "CHI"]
[SourceTitle "CBM 188 Extra"]
[Source "ChessBase"]
[SourceDate "2019.02.26"]
[SourceVersion "1"]
[SourceVersionDate "2019.02.26"]
[SourceQuality "1"]

1. d4 Nf6 2. c4 c5 3. d5 e6 4. Nc3 exd5 5. cxd5 d6 6. e4 g6 7. f4 Bg7 8. Nf3 0-0 9. Be2 Bg4 10. 0-0 Nbd7 11. h3 Bxf3 12. Bxf3 Re8 13. Re1 Qa5 14. Be3 Nb6 15. Qb3 Nfd7 16. Be2 a6 17. Rad1 c4 18. Qc2 Nc5 19. Bd2 Bxc3 20. Bxc3 Qa4 21. b3 cxb3 22. axb3 Qxe4 23. Qb2 Qe3+ 24. Kh2 Nca4 25. bxa4 Nxa4 26. Qb4 Nxc3 27. Rd3 Qf2 28. Qxc3 Rxe2 29. Rxe2 Qxe2 30. Re3 Qf2 31. Qd4 Rf8 32. Qe4 Qb2 33. Qe7 Qd4 34. f5 Qf4+ 35. Rg3 Rc8 36. Qxb7 Rc3 37. Qb8+ Kg7 38. f6+ Kh6 39. Qf8+ Kh5 0-1

[Event "Antofagasta Zicosur op 4th"]
[Site "Antofagasta"]
[Date "2019.01.10"]
[Round "10"]
[White "Lopez Silva, Hugo Andres"]
[Black "Borda, Cesar Armando"]
[Result "1-0"]
[WhiteElo "2399"]
[BlackElo "2143"]
[PlyCount "28"]
[EventDate "2019.01.04"]
[EventType "swiss"]
[EventRounds "10"]
[EventCountry "CHI"]
[SourceTitle "CBM 190 Extra"]
[Source "ChessBase"]
[SourceDate "2019.07.15"]
[SourceVersion "1"]
[SourceVersionDate "2019.07.15"]
[SourceQuality "1"]

1. e4 c5 2. Nf3 e6 3. d4 cxd4 4. Nxd4 a6 5. g3 Qc7 6. Bg2 Nc6 7. 0-0 Nf6 8. Nc3 h5 9. Re1 Be7 10. Bf4 Qb6 11. Nb3 Ng4 12. Re2 g5 13. Bd2 Nge5 14. a4 Bd6 1-0